Безопасность жизнедеятельности: учебное пособие для вузов

Bibliographische Detailangaben
1. Verfasser: Русак О. Н. Олег Николаевич
Weitere Verfasser: Малаян К. Р. Карпуш Рубенович, Занько Н. Г. Наталья Георгиевна
Zusammenfassung:В книге системно изложены основные положения развивающейся научной и учебной дисциплины, именуемой безопасностью жизнедеятельности (БЖД). Рассматриваются теоретические и медико-биологические основы БЖД, принципы обеспечения безопасности, идентификация опасностей, окружающих и сопровождающих человека на протяжении всей жизни, меры защиты от них. Раскрываются особенности защитных действий в экстремальных и чрезвычайных ситуациях. Для студентов, изучающих БЖД, научных и практических работников, работающих в различных областях безопасности.
Sprache:Russisch
Veröffentlicht: СПб., Лань, 2007
Ausgabe:11-е изд., стер.
Schriftenreihe:Учебники для вузов. Специальная литература
Schlagworte:
Format: MixedMaterials Buch
KOHA link:https://koha.lib.tpu.ru/cgi-bin/koha/opac-detail.pl?biblionumber=116810

MARC

LEADER 00000nam0a2200000 4500
001 116810
005 20231031123356.0
010 |a 9785811402847 
010 |a 5-370-00175-8 
035 |a (RuTPU)RU\TPU\book\126403 
035 |a RU\TPU\book\110186 
090 |a 116810 
100 |a 20070528d2007 m y0rusy50 ca 
101 0 |a rus 
102 |a RU 
105 |a a j 001zy 
200 1 |a Безопасность жизнедеятельности  |e учебное пособие для вузов  |f О. Н. Русак, К. Р. Малаян, Н. Г. Занько 
205 |a 11-е изд., стер. 
210 |a СПб.  |c Лань  |c Омега-Л  |d 2007 
215 |a 448 с.  |c ил. 
225 1 |a Учебники для вузов. Специальная литература 
320 |a Библиогр.: с. 439-445. 
330 |a В книге системно изложены основные положения развивающейся научной и учебной дисциплины, именуемой безопасностью жизнедеятельности (БЖД). Рассматриваются теоретические и медико-биологические основы БЖД, принципы обеспечения безопасности, идентификация опасностей, окружающих и сопровождающих человека на протяжении всей жизни, меры защиты от них. Раскрываются особенности защитных действий в экстремальных и чрезвычайных ситуациях. Для студентов, изучающих БЖД, научных и практических работников, работающих в различных областях безопасности. 
451 1 |0 (RuTPU)RU\TPU\book\110186  |y 5-8114-0284-8  |t Безопасность жизнедеятельности  |o учебное пособие для вузов  |f О. Н. Русак, К. Р. Малаян, Н. Г. Занько  |e 10-е изд., стер.  |c СПб.  |n Лань  |n Омега-Л  |d 2006  |p 448 с.  |s Учебники для вузов. Специальная литература  |a Русак, Олег Николаевич 
451 |y 5-96590-253-0 
610 1 |a безопасность жизнедеятельности 
610 1 |a медико-биологические основы 
610 1 |a теоретические основы 
610 1 |a биологические опасности 
610 1 |a социальные опасности 
610 1 |a природные опасности 
610 1 |a техногенные опасности 
610 1 |a экологические опасности 
610 1 |a экстремальные ситуации 
610 1 |a чрезвычайные ситуации 
610 1 |a защита 
610 1 |a ликвидация 
610 1 |a учебные пособия 
675 |a 614.8(075.8)  |v 3 
700 1 |a Русак  |b О. Н.  |g Олег Николаевич 
701 1 |a Малаян  |b К. Р.  |g Карпуш Рубенович 
701 1 |a Занько  |b Н. Г.  |g Наталья Георгиевна 
801 1 |a RU  |b 63413507  |c 20030206  |g PSBO 
801 2 |a RU  |b 63413507  |c 20150529  |g PSBO 
900 |a Безопасность жизнедеятельности 
900 |a Медико-биологические основы безопасности жизнедеятельности 
942 |c BK 
952 |a 511100